Hybridné zváranie a spájkovanie laserom a príprava aplikácií v automobilovom priemysle = LaserHybrid welding and brazing and case studies for the automotive industry

Bibliographic Details
Main Author: Staufer, Herbert (Author)
Format: Article
Language:Slovak
PhysicalDescription:Obr., tab.
ISSN:0044-5525
Subjects:

MARC

LEADER 00000nab a2200000 a 4500
001 vtls010254784
003 SK-MaSNL
005 20260303092622.0
008 14052224c2007 xo o e sl
035 |a SVKKK000084274 
038 |a SVKKK 
040 |a SVKKK  |b slo  |c SVKKK  |e AACR2 
041 0 |a slo  |b eng  |b slo 
044 |a xo  |c SK 
080 |a 621.791.318  |2 1997 
080 |a 621.791.753:621.791.318  |2 1997 
100 1 |a Staufer, Herbert  |4 aut  |9 1102483 
245 1 0 |a Hybridné zváranie a spájkovanie laserom a príprava aplikácií v automobilovom priemysle =  |b LaserHybrid welding and brazing and case studies for the automotive industry  |c Herbert Staufer 
300 |b Obr., tab. 
504 |a Bibliogr. odkazy 
504 |a Res. angl., slov. 
650 0 7 |a hybridné zváranie  |x spájkovanie laserom  |x MIG/MAG zváranie  |x automobilový priemysel  |x využitie  |2 snkbucl  |9 1102484 
650 0 7 |a spájkovanie laserom  |2 snkbucl  |9 1102485 
650 0 7 |a zváranie MIG/MG  |2 snkbucl  |9 1102486 
773 0 |t Zváranie  |g Roč. 56, č. 2 (2007), s. 49-55  |x 0044-5525 
852 |a SVKKK  |b BIB 
958 |a NB 
999 |c 1812621  |d 1814551